[Event "ICS rated blitz match"]
[Site "204.178.125.65"]
[Date "1999.10.28"]
[Round "?"]
[White "Colorado"]
[Black "Hossa"]
[Result "1/2-1/2"]
[WhiteElo "2676"]
[BlackElo "2408"]
[PlyCount "212"]
[EventDate "1999.??.??"]

1. e4 c5 2. Nf3 d6 3. d4 cxd4 4. Nxd4 Nf6 5. Nc3 Nc6 6. Bg5 a6 7. Qd2 e5 8.
Nxc6 bxc6 9. O-O-O Be7 10. Bxf6 gxf6 11. Qh6 Bf8 12. Qd2 Be6 13. Bd3 d5 14.
Rhf1 d4 15. Na4 c5 16. c4 Bd7 17. Bc2 Rb8 18. a3 Be6 19. Bd3 Be7 20. Kb1 O-O
21. Ka2 Qd7 22. Qc2 Qe8 23. b3 Bd6 24. Be2 Qc6 25. Rd3 Kh8 26. Bf3 Rfd8 27. h3
Kg8 28. Bg4 Bc8 29. Bxc8 Rbxc8 30. Qe2 Kh8 31. Qf3 Be7 32. Qf5 Rg8 33. g4 Rg5
34. Qf3 Rd8 35. h4 Rg7 36. Qf5 Rdg8 37. f4 Rxg4 38. fxe5 Rxe4 39. exf6 Bd6 40.
Qh5 Re5 41. Qd1 Re6 42. Kb1 Qe4 43. h5 Rg3 44. Nb2 Rg5 45. h6 Rg6 46. Qd2 Rgxf6
47. Rxf6 Rxf6 48. Qa5 Bf8 49. Qd8 Qe7 50. Qb8 Rxh6 51. Qa8 Rb6 52. Nd1 Rg6 53.
Qf3 Rg1 54. Ka2 a5 55. Nb2 Kg8 56. Qf4 Qd6 57. Qd2 Qb6 58. Qf2 Qg6 59. Qf4 Rg4
60. Qf2 Rg2 61. Qf3 Qg4 62. Qf1 Qe4 63. Qd1 Bh6 64. Qb1 Be3 65. Rd1 f5 66. Ka1
Qxb1+ 67. Kxb1 f4 68. Nd3 Rg5 69. Rf1 Rf5 70. Rf3 Kf7 71. b4 axb4 72. axb4 cxb4
73. Nxb4 Kf6 74. Kc2 Kg5 75. Kd3 Kg4 76. Rf1 Rf6 77. c5 Kg3 78. c6 Rf5 79. c7
Rc5 80. Nd5 h5 81. Ke4 Rc4 82. Nxf4 Rxc7 83. Nxh5+ Kg2 84. Rf5 Re7+ 85. Kd3 Kh3
86. Nf4+ Kg4 87. Nd5 Rd7 88. Re5 Kf3 89. Rf5+ Kg3 90. Nxe3 dxe3+ 91. Kxe3 Re7+
92. Kd4 Rd7+ 93. Ke5 Re7+ 94. Kf6 Kg4 95. Rg5+ Kf4 96. Rg8 Re4 97. Rh8 Ke3 98.
Rg8 Ke2 99. Rh8 Re3 100. Rg8 Ke1 101. Rh8 Re2 102. Rg8 Re4 103. Rh8 Ke2 104.
Rg8 Ke3 105. Rh8 Kd4 106. Rg8 106... Re3 {Game drawn by mutual agreement}
1/2-1/2

[Event "ICS Rated blitz match"]
[Site "204.178.125.65"]
[Date "1999.10.28"]
[Round "?"]
[White "Hossa"]
[Black "Colorado"]
[Result "1/2-1/2"]
[WhiteElo "2418"]
[BlackElo "2666"]
[PlyCount "75"]
[EventDate "1999.??.??"]

1. e4 e5 2. Nf3 d6 3. Bc4 Be7 4. d4 exd4 5. Nxd4 Nf6 6. Nc3 O-O 7. O-O Nc6 8.
Be3 Ne5 9. Bb3 Re8 10. Qd2 c5 11. Nde2 Bd7 12. Bd5 Nxd5 13. Nxd5 Nc4 14. Qd3
Nxb2 15. Qb3 Na4 16. Qxb7 Bf8 17. Rfb1 a5 18. f3 Rb8 19. Qa7 Rxb1+ 20. Rxb1 Bc6
21. Rb3 Bxd5 22. exd5 Re5 23. Rb8 Qf6 24. Qa8 Qe7 25. Rb7 Qf6 26. Kf2 Qh4+ 27.
Ng3 Rxe3 28. Rb8 Qe7 29. Rb7 Qf6 30. Rb8 Rxf3+ 31. gxf3 Qd4+ 32. Kg2 Qd2+ 33.
Kh3 Qh6+ 34. Kg4 Qg6+ 35. Kh3 Qh6+ 36. Kg4 Qg6+ 37. Kh3 Qh6+ 38. Kg4 {
Game drawn by repetition} 1/2-1/2

[Event "ICS Rated blitz match"]
[Site "204.178.125.65"]
[Date "1999.10.28"]
[Round "?"]
[White "Colorado"]
[Black "Hossa"]
[Result "1-0"]
[WhiteElo "2656"]
[BlackElo "2428"]
[PlyCount "127"]
[EventDate "1999.??.??"]

1. e4 e5 2. Nc3 Bc5 3. Bc4 Nf6 4. d3 d6 5. Bg5 O-O 6. Nf3 Be6 7. Nd5 Nbd7 8.
O-O c6 9. Nxf6+ Nxf6 10. Qe2 Bxc4 11. dxc4 Qe7 12. Rad1 Qe6 13. Nh4 Rad8 14.
Nf5 d5 15. cxd5 cxd5 16. Ng3 dxe4 17. Bxf6 Qxf6 18. Nxe4 Qc6 19. Nxc5 Qxc5 20.
Qe4 Qb5 21. b3 f5 22. Qe3 Qa5 23. a4 Rxd1 24. Rxd1 Rd8 25. Rxd8+ Qxd8 26. h4
Qd4 27. Qf3 Qd7 28. Qc3 Kf7 29. Qxe5 Qd1+ 30. Kh2 Qxc2 31. f3 Qc8 32. Kg3 Qd7
33. a5 Qe6 34. Kf4 Qh6+ 35. Kxf5 Qh5+ 36. Ke4 Qxh4+ 37. Kd5 Qd8+ 38. Kc4 Qf6
39. Qd5+ Qe6 40. Kd4 Qxd5+ 41. Kxd5 Ke7 42. b4 h5 43. f4 Kd7 44. b5 a6 45. b6
h4 46. f5 Ke7 47. Ke5 Kd7 48. f6 gxf6+ 49. Kxf6 Ke8 50. Kg5 Kf7 51. Kxh4 Ke7
52. Kg5 Kd7 53. Kf6 Kd6 54. g4 Kd7 55. g5 Kc6 56. g6 Kb5 57. g7 Kxa5 58. Ke5
Kb5 59. g8=Q Kxb6 60. Kd6 a5 61. Qc4 Ka7 62. Kc7 Ka8 63. Kb6 a4 64. Qc8# {
Hossa checkmated} 1-0

[Event "ICS rated blitz match"]
[Site "204.178.125.65"]
[Date "1999.10.28"]
[Round "?"]
[White "Hossa"]
[Black "Colorado"]
[Result "1/2-1/2"]
[WhiteElo "2421"]
[BlackElo "2663"]
[PlyCount "152"]
[EventDate "1999.??.??"]

1. e4 d5 2. exd5 Qxd5 3. Nc3 Qa5 4. d4 Nf6 5. Nf3 c6 6. Bd2 Bf5 7. Be2 Qb6 8.
Na4 Qd8 9. Nc5 e6 10. Nxb7 Qb6 11. Na5 Qxb2 12. Bd3 Bxd3 13. cxd3 Bb4 14. Nb3
Nd5 15. O-O Bxd2 16. Qxd2 Qxd2 17. Nbxd2 Nf4 18. Rfb1 Nxd3 19. Rb7 O-O 20. Ne4
Na6 21. Nd6 Nab4 22. a3 Nc2 23. Ra2 Nce1 24. Nxe1 Nxe1 25. Rc7 Rfb8 26. h3 Rb1
27. Kh2 Rc1 28. Rb2 Rc2 29. Rb1 Nd3 30. Rxa7 Rf8 31. Rb3 Nf4 32. Ne4 Rc4 33.
Rd7 e5 34. Rb4 Rxb4 35. axb4 f5 36. Nc5 exd4 37. Rxd4 Ng6 38. Rd6 Rb8 39. Rxc6
Rxb4 40. Kg3 f4+ 41. Kh2 Rc4 42. Rc8+ Kf7 43. Rc7+ Ne7 44. h4 f3 45. g3 h5 46.
Ne6 Rxc7 47. Nxc7 Nc6 48. Kg1 Kf6 49. Ne8+ Kg6 50. Kf1 Nd4 51. Nd6 Kf6 52. Ne4+
Kf5 53. Ng5 Kg4 54. Ke1 Nf5 55. Ne6 g6 56. Nf8 Ne7 57. Kd2 Kh3 58. Kd1 Kg2 59.
Ke1 Nf5 60. Nxg6 Nxg3 61. Nf4+ Kg1 62. Nh3+ Kg2 63. Nf4+ Kg1 64. Nh3+ Kh2 65.
Nf4 Nf5 66. Nxh5 Nxh4 67. Ng3 Kh3 68. Ne2 Kg4 69. Nd4 Nf5 70. Nb3 Kf4 71. Kf1
Nd6 72. Nd4 Nc4 73. Nxf3 Kxf3 74. Ke1 Nb2 75. Kf1 Nd1 76. Ke1 76... Nxf2 {
Game drawn because neither player has mating material} 1/2-1/2

[Event "ICS Rated blitz match"]
[Site "204.178.125.65"]
[Date "1999.10.28"]
[Round "?"]
[White "Colorado"]
[Black "Hossa"]
[Result "1-0"]
[WhiteElo "2653"]
[BlackElo "2431"]
[PlyCount "158"]
[EventDate "1999.??.??"]

1. d4 Nf6 2. c4 e6 3. Nf3 d5 4. Nc3 Be7 5. Bg5 h6 6. Bh4 O-O 7. e3 b6 8. Be2 c5
9. dxc5 bxc5 10. O-O Nc6 11. cxd5 exd5 12. Bb5 Nb4 13. a3 Na6 14. Ne5 Nc7 15.
Nc6 Qe8 16. Ba4 Bb7 17. Nxa7 Nd7 18. Bg3 Rxa7 19. Bxc7 Qc8 20. Bf4 Nf6 21. b3
Ra8 22. Nb5 Qd8 23. Qc2 Qb6 24. Rfe1 Nh5 25. Be5 Nf6 26. Qf5 Rfc8 27. Reb1 Ra5
28. Nc3 Rca8 29. Rc1 R5a6 30. Bf4 Qe6 31. Qxe6 fxe6 32. Rc2 Ng4 33. f3 Nf6 34.
Be5 c4 35. Rb1 Rb6 36. Bd4 cxb3 37. Bxb3 Rba6 38. a4 Ra5 39. Nb5 Rb8 40. Bc3
Ra6 41. Be5 Rc8 42. Rc7 Rxc7 43. Nxc7 Bc5 44. Nxa6 Bxe3+ 45. Kh1 Bxa6 46. Bxf6
gxf6 47. Re1 d4 48. Bxe6+ Kf8 49. Bf5 Ke7 50. g4 Kd6 51. Kg2 Kc5 52. Kg3 Kb4
53. Rb1+ Ka5 54. Bc2 Bc4 55. f4 Be2 56. Rb8 Bd2 57. Rd8 Be1+ 58. Kg2 Bxg4 59.
Rxd4 Bc3 60. Rd5+ Kb4 61. h3 Be6 62. Rb5+ Ka3 63. Rh5 Kb2 64. Bd3 Bd4 65. a5
Kc3 66. Bf1 f5 67. Rxh6 Bd5+ 68. Kg3 Bc5 69. a6 Kd4 70. Rh7 Bb4 71. Rd7 Be1+
72. Kh2 Bf2 73. Bg2 Ke3 74. Bxd5 Kxf4 75. a7 Kg5 76. a8=Q f4 77. Qg8+ Kf5 78.
Be4+ Kxe4 79. Qd5+ 79... Ke3 {Hossa resigns} 1-0

[Event "ICS Rated blitz match"]
[Site "204.178.125.65"]
[Date "1999.10.28"]
[Round "?"]
[White "Hossa"]
[Black "Data"]
[Result "0-1"]
[WhiteElo "2429"]
[BlackElo "2706"]
[PlyCount "52"]
[EventDate "1999.??.??"]

1. e4 e5 2. Nf3 f5 3. Nxe5 Qf6 4. Nc4 fxe4 5. Nc3 Qf7 6. Ne3 c6 7. Nxe4 d5 8.
Ng5 Qf6 9. h4 {letzter Buchzug} 9... Nh6 10. Qe2 Be7 11. Qh5+ Nf7 12. c4 ({
0.48 Hiarcs 7.32:} 12. Qxf7+ 12... Qxf7 13. Nxf7 Kxf7 14. d4 Bd7 15. c4 Be6 16.
Bd3 dxc4 17. Nxc4 {0.78/7}) 12... g6 13. Qe2 Nxg5 14. hxg5 Qxg5 15. cxd5 O-O
16. dxc6 ({0.23 Hiarcs 7.32:} 16. Qc4 16... Kg7 17. Be2 cxd5 18. Qd4+ Qf6 19.
Qxf6+ Bxf6 20. Nxd5 20... Bd4 {0.68/6}) 16... Nxc6 17. Nc2 Qf5 18. d4 Bb4+ 19.
Nxb4 ({-0.85 Hiarcs 7.32:} 19. Kd1 19... Be6 20. Bh6 Rfd8 21. Qe3 a5 22. Nxb4
22... axb4 {0.00/7}) 19... Nxb4 20. Kd1 Be6 21. Bh6 ({-1.55 Hiarcs 7.32:} 21.
b3 21... Rac8 22. Be3 22... Bd5 {-0.85/6}) 21... Rfd8 22. Rh4 Bxa2 23. Rc1 Rac8
24. Rxc8 ({-7.67 Hiarcs 7.32:} 24. Re4 24... Bd5 25. Rxc8 Qxc8 26. Bg5 {-2.11/6
}) 24... Rxc8 25. Ke1 ({-14.63 Hiarcs 7.32:} 25. Qd2 25... Qb1+ 26. Ke2 Rc2 27.
d5 Rxd2+ 28. Bxd2 Qd3+ 29. Ke1 Nc2+ 30. Kd1 Qxf1+ 31. Kxc2 31... Qxg2 {-7.67/6}
) 25... Nc2+ 26. Kd1 26... Nxd4 {Hossa resigns} 0-1

[Event "ICS Rated blitz match"]
[Site "204.178.125.65"]
[Date "1999.10.28"]
[Round "?"]
[White "Data"]
[Black "Hossa"]
[Result "1-0"]
[WhiteElo "2711"]
[BlackElo "2424"]
[PlyCount "76"]
[EventDate "1999.??.??"]

1. e4 e5 2. Nf3 f5 3. Nxe5 Qf6 4. Nc4 fxe4 5. Nc3 Qf7 6. Ne3 c6 7. d3 exd3 8.
Bxd3 d5 9. O-O Be6 10. Re1 Be7 11. Ne2 Nd7 12. Nd4 O-O-O 13. Nxe6 Qxe6 14. Nf5
Qf6 15. Qg4 Qf8 16. Qxg7 Bf6 17. Qxf8 Nxf8 18. c3 Ng6 19. Be3 Kb8 20. Bc5 Nf4
21. Bc2 Ka8 22. Rad1 Ng6 23. Nd6 b6 24. Nf7 bxc5 25. Nxd8 Bxd8 26. Bxg6 hxg6
27. Re8 Kb7 28. Rxd8 Kc7 29. Rf8 d4 30. cxd4 c4 31. Re1 c5 32. dxc5 Kd7 33.
Ree8 Rh5 34. Rd8+ Ke7 35. c6 Nf6 36. c7 Rc5 37. c8=N+ Rxc8 38. Rxc8 38... Nd5 {
Hossa resigns} 1-0

[Event "ICS Rated blitz match"]
[Site "204.178.125.65"]
[Date "1999.10.28"]
[Round "?"]
[White "Hossa"]
[Black "Data"]
[Result "0-1"]
[WhiteElo "2419"]
[BlackElo "2716"]
[PlyCount "136"]
[EventDate "1999.??.??"]

1. e4 c5 2. d4 cxd4 3. Nf3 d6 4. Nxd4 Nf6 5. Nc3 g6 6. Bg5 Bg7 7. Bd3 Nc6 8.
Nde2 O-O 9. Qd2 Ne5 10. O-O Nfg4 11. Bb5 a6 12. Bd3 h6 13. Bh4 Re8 14. Rad1 Bd7
15. Nd5 Rc8 16. f3 Nxd3 17. cxd3 Ne5 18. d4 Nc4 19. Qb4 b5 20. b3 Nb6 21. Ne3
Rc6 22. Qa5 Qc7 23. Rfe1 e5 24. dxe5 dxe5 25. Rd3 Qc8 26. Red1 f6 27. Nc3 Qb7
28. Ned5 Nxd5 29. Nxd5 Bc8 30. a3 Qf7 31. Nb4 Rce6 32. Rd8 h5 33. R1d3 Rf8 34.
Rxf8+ Qxf8 35. Bf2 f5 36. exf5 gxf5 37. Bb6 e4 38. Rd8 Re8 39. Rd1 exf3 40.
gxf3 Qf7 41. Bf2 Qg6+ 42. Kh1 Bb7 43. Nd5 Qf7 44. Qd2 Re5 45. Nf4 Bxf3+ 46. Kg1
Bxd1 47. Qxd1 Bf8 48. Nxh5 Bxa3 49. Qd8+ Kh7 50. Nf6+ Kg6 51. Nd7 Rd5 52. Qb6+
Bd6 53. Ne5+ Rxe5 54. Qxd6+ Qe6 55. Qd3 Re2 56. h4 Kh7 57. b4 Re4 58. Qd2 Rg4+
59. Kh2 Qe5+ 60. Kh3 Qe4 61. Qd7+ Kh6 62. Qd2+ Kh5 63. Qg5+ Rxg5 64. hxg5 Qf3+
65. Kh2 Qxf2+ 66. Kh1 f4 67. g6 f3 68. g7 68... Qg2# {Hossa checkmated} 0-1

[Event "ICS Rated blitz match"]
[Site "204.178.125.65"]
[Date "1999.10.28"]
[Round "?"]
[White "Data"]
[Black "Hossa"]
[Result "1-0"]
[WhiteElo "2721"]
[BlackElo "2414"]
[PlyCount "143"]
[EventDate "1999.??.??"]

1. e4 e5 2. Nf3 d6 3. d4 Nf6 4. dxe5 Nxe4 5. Qd5 Nc5 6. Bg5 Be7 7. exd6 cxd6 8.
Bb5+ Bd7 9. Bxd7+ Nbxd7 10. O-O Bxg5 11. Nxg5 O-O 12. Qf5 Nf6 13. Nc3 Qc8 14.
Nd5 Qxf5 15. Ne7+ Kh8 16. Nxf5 h6 17. Nf3 d5 18. Rfe1 Nce4 19. Re2 Kh7 20. Rae1
Rfe8 21. N3d4 g6 22. Ne3 Nd6 23. f3 Kg7 24. b3 Rac8 25. Kh1 Kf8 26. a3 Kg7 27.
Kg1 a5 28. a4 h5 29. Kf2 h4 30. Kg1 b6 31. Kf2 Kh6 32. Nd1 Rxe2+ 33. Rxe2 Rc7
34. Re5 Nde4+ 35. Ke2 Nd6 36. Ne3 Rc5 37. Kf2 Kg7 38. g4 hxg3+ 39. hxg3 Nde8
40. g4 Nc7 41. Ke2 Kf8 42. Nd1 Nd7 43. Re3 f6 44. Nc3 Kf7 45. f4 Nf8 46. f5
gxf5 47. gxf5 Kg8 48. Kd2 Kf7 49. Ncb5 Nxb5 50. Nxb5 Rc6 51. Rc3 Rxc3 52. Kxc3
Nd7 53. Kd4 Ke7 54. Kxd5 Ne5 55. Nd6 Kd8 56. Nc4 Nxc4 57. Kxc4 Kc7 58. Kd5 Kd7
59. c3 Kc7 60. Ke6 Kc6 61. b4 axb4 62. cxb4 Kb7 63. Kxf6 Kc7 64. Ke6 Kd8 65. f6
b5 66. f7 Kc7 67. f8=Q bxa4 68. Qc5+ Kb7 69. Kd6 a3 70. Qc7+ Ka8 71. Kc6 a2 72.
Qb7# {Hossa checkmated} 1-0

[Event "ICS rated blitz match"]
[Site "204.178.125.65"]
[Date "1999.10.28"]
[Round "?"]
[White "Hossa"]
[Black "Data"]
[Result "0-1"]
[WhiteElo "2409"]
[BlackElo "2726"]
[PlyCount "107"]
[EventDate "1999.??.??"]

1. e4 c5 2. Bb5 Nc6 3. Nf3 g6 4. d3 Bg7 5. O-O Nf6 6. Nc3 O-O 7. Bg5 a6 8. Bc4
b5 9. Bb3 d6 10. a4 b4 11. Nd5 Na5 12. Bxf6 exf6 13. c3 bxc3 14. bxc3 Rb8 15.
Ba2 Re8 16. Rb1 Rxb1 17. Qxb1 f5 18. Re1 fxe4 19. dxe4 Bd7 20. Qd1 Bc6 21. Qd3
Bb7 22. Qc2 c4 23. Rd1 Bc6 24. Rd2 h6 25. Kh1 Qd7 26. Qb1 Qg4 27. Qb4 Qxe4 28.
Ne3 Nb3 29. Rxd6 Bf8 30. Bxb3 Bxd6 31. Qxc4 Qxc4 32. Bxc4 Bf4 33. Nd5 Be5 34.
Nb4 Bxa4 35. Nxe5 Rxe5 36. Nd3 Re7 37. Bxa6 Ra7 38. Nc5 Bb5 39. h3 Bxa6 40. Kh2
Be2 41. Ne4 f5 42. Nf6+ Kf7 43. Nd5 Ra3 44. h4 Bc4 45. Ne3 Rxc3 46. h5 f4 47.
hxg6+ Kxg6 48. Ng4 Be6 49. Ne5+ Kg5 50. Kg1 Kf5 51. Nf3 Rxf3 52. gxf3 Bd5 53.
Kf1 Bxf3 54. Ke1 {Hossa resigns} 0-1

[Event "ICS rated blitz match"]
[Site "204.178.125.65"]
[Date "1999.10.28"]
[Round "?"]
[White "Data"]
[Black "Hossa"]
[Result "1-0"]
[WhiteElo "2730"]
[BlackElo "2405"]
[Annotator "Hiarcs 7.32 (10s)"]
[PlyCount "255"]
[EventDate "1999.??.??"]

1. e4 c5 2. Nf3 d6 3. Bb5+ Nd7 4. d4 a6 5. Bxd7+ Bxd7 6. Be3 (6. dxc5 dxc5 7.
Nc3 e6 8. Ne5 Nf6 9. O-O Be7 10. Bg5 b5 11. Qf3 Ra7 12. Rad1 Qc8 13. Nxd7 Rxd7
14. e5 Ng8 15. Rxd7 Qxd7 16. Rd1 Qc8 17. Ne4 Qb8 18. Bxe7 Kxe7 19. Nxc5 Nh6 20.
Rd7+ Ke8 21. Qc6 Kf8 22. Rc7 {1-0 Sosna,J-Vasilchenko,O/Zlin-B 1995/EXP 49 (22)
}) 6... Nf6 $146 (6... e6 7. Nc3 Qc7 8. dxc5 dxc5 9. Qd2 f6 10. Bf4 e5 11. Nd5
Qd8 12. Be3 Bc6 13. O-O-O Bxd5 14. Qxd5 Qxd5 15. Rxd5 Rd8 16. Rhd1 Rxd5 17.
Rxd5 b6 18. Nd2 Ne7 19. Rd6 Nc8 20. Rd3 Bd6 21. Ra3 a5 22. Rd3 Kd7 23. a4 Kc6
24. Nc4 h5 25. h4 Bc7 26. Kd2 {
1/2-1/2 Westerinen,H-Dao Thien Hai/Moscow olm 1994/EXP 44 (26)}) 7. dxc5 Nxe4
8. cxd6 Nxd6 9. O-O Nc4 10. Nbd2 Bb5 11. Nxc4 Bxc4 12. Re1 Qxd1 13. Raxd1 {
Haelt den Koenig im Zentrum fest} 13... b5 14. Ne5 Be6 15. Nc6 Rc8 16. Nd4
16... Bc4 $16 (16... Bd7 $5 $11 {bedarf naeherer Analyse}) 17. b3 Bd5 18. Nxb5
$1 {haelt den Vorteil fest} 18... Bf3 19. gxf3 axb5 20. Re2 b4 21. Bd4 e6 22.
Rd3 Rd8 23. Red2 Be7 24. c4 Ra8 25. f4 Rg8 26. Kf1 h5 27. Be5 g6 28. Ke2 Ra3
29. f3 f6 30. Bd6 Rg7 31. Rd4 $16 (31. Ke3 31... Ra8 $18) 31... Ra5 $18 (31...
Ra6 $5 $16) 32. Ke3 h4 33. Bxe7 Rxe7 34. Rd8+ Kf7 35. Rh8 Rea7 36. Rxh4 Rxa2
37. Rh7+ Ke8 38. Rxa2 {Es droht Matt} 38... Rxa2 39. Rb7 Rxh2 40. Rxb4 Rc2 41.
Rb7 Rc3+ 42. Kf2 Kd8 43. Kg3 Ke8 44. Kg2 Kd8 45. Kf2 Rc2+ 46. Ke3 Rc3+ 47. Ke2
Ke8 48. Rb5 Kd7 49. Rb6 Ke7 50. Kf2 Rc2+ 51. Kg3 Rc3 52. Kg2 Kd7 53. Kf2 Ke7
54. Rb8 Kd6 55. Rb5 Kd7 (55... Rc2+ 56. Kg3 $16) 56. Kg3 (56. c5 Kc6 57. Rb6+
Kxc5 58. Rxe6 Rxb3 59. Rxf6 Rb2+ 60. Kg3 60... Rb1 $18) 56... Kc6 57. Rb4 $14 (
57. Kg2 Rc2+ 58. Kg3 58... Rc3 $16) 57... Kc5 $16 (57... Kd7 58. Kf2 $14) 58.
Rb8 Kd6 59. Rb7 Kc5 (59... Kc6 60. Rb4 $16) 60. Kf2 (60. Rc7+ Kd6 61. Rf7 Rxb3
62. Rxf6 62... Rb1 $16) 60... Kd6 61. Rb8 Rc2+ 62. Ke3 Rc3+ 63. Ke2 Ke7 64. Rb4
Kd7 65. Kf2 $11 (65. Rb5 $5 $14 {ist nicht von der Hand zu weisen}) 65... Kc6
66. Kg2 $11 (66. Kg3 $5 $16 $142) 66... Kd6 $16 (66... Rc2+ $5 $142 {
damit waere Schwarz im Spiel geblieben} 67. Kh3 67... Rc3 $11) 67. Rb5 Kc6 68.
Kg3 Rc1 69. Ra5 Rg1+ 70. Kf2 Rb1 71. Ra6+ Kd7 72. Rb6 Rc1 73. Kg3 Rg1+ 74. Kh3
Rc1 75. Rb8 (75. Rb7+ $5 75... Kd6 $16) 75... Rc3 76. Kg4 Kd6 (76... Kc6 77.
Rb5 $16) 77. Rb5 $11 (77. Rb6+ $5 $142 77... Ke7 78. Rb5 $16) 77... Kc6 78. Rb4
78... Kc5 $16 (78... Kc7 $5 {ist die kritische Fortsetzung} 79. Kg3 79... Kc6
$11) 79. Rb7 Rc1 (79... Kc6 $5 80. Rb5 80... Rc1 $16) 80. Rb5+ (80. Re7 $5
80... Rg1+ 81. Kh3 $16) 80... Kc6 81. Rb8 Kd6 (81... Rc3 82. Rg8 $16) 82. Rd8+
82... Kc7 $18 (82... Ke7 83. Rd3 $16) 83. Rd3 $16 (83. Rf8 $5 83... f5+ 84. Kg5
Rg1+ 85. Kf6 $16) 83... Rg1+ 84. Kh3 Rh1+ 85. Kg3 Rb1 86. Kf2 86... Ra1 $18 (
86... Kc6 87. Re3 Kd6 88. c5+ Kd5 89. Rc3 $16) 87. b4 Rc1 88. Rd4 Rb1 89. c5
Kc8 90. Rc4 Kc7 91. Re4 Kd7 92. Rd4+ Kc8 93. c6 Rc1 94. b5 Rb1 95. f5 $14 (95.
Re4 Rxb5 96. Rxe6 $16) 95... gxf5 96. Rd6 Rxb5 97. Rxe6 f4 98. Rxf6 Rb2+ 99.
Ke1 Kc7 100. Rxf4 Kxc6 101. Rd4 101... Kc7 $18 (101... Rc2 $11 $142 {
und Schwarz kann noch kaempfen}) 102. Rd2 $11 (102. f4 $18 $142) 102... Rb8 $4
$18 {danach wendet sich das Blatt} (102... Rxd2 $142 {ist gerade noch spielbar}
103. Kxd2 103... Kd7 $11) 103. Kf2 $1 {das wars. Droht Matt} 103... Kc6 104.
Rd1 $4 $11 {wirft den Vorteil weg} (104. Rd3 Kc5 105. f4 $11) 104... Kc5 $4 $18
{vergibt den Vorteil} (104... Rf8 $11 $142 {
nur damit konnte man noch auf Rettung hoffen}) 105. Rd7 $4 $11 {
danach kann Weiss alle Traeume begraben} (105. Rd3 $18 $142 {
mit klarem Vorteil fuer Weiss}) 105... Kc6 $4 $18 {
gibt den Vorteil aus der Hand} (105... Rf8 $11 $142 {war notwendig}) 106. Rd3
$4 $11 {wirft den Vorteil weg} (106. Rd2 $18 $142 {
Weiss haette nun das bessere Spiel}) 106... Kc5 107. Kg3 $4 $11 {
gibt den Vorteil aus der Hand} (107. Rd1 $18 $142 {
Weiss haette nun das bessere Spiel}) 107... Rg8+ 108. Kf4 $4 $11 {
vergibt den Vorteil} (108. Kh3 Rh8+ 109. Kg4 Rg8+ 110. Kf4 $11) 108... Rh8 109.
Rd2 109... Kc6 $4 $18 {danach kann Schwarz alle Traeume begraben} (109... Rg8
$11 $142 {bringt noch Rettung}) 110. Rd4 $4 $11 {danach wendet sich das Blatt}
(110. Kg5 Rg8+ 111. Kf5 Rf8+ 112. Kg4 Rg8+ 113. Kf5 Rf8+ 114. Kg4 Rg8+ 115. Kh4
Rh8+ 116. Kg3 Rg8+ 117. Kh4 Rh8+ 118. Kg3 Rg8+ 119. Kh3 Rh8+ 120. Kg2 Rg8+ 121.
Kh3 Rh8+ 122. Kg2 Rg8+ 123. Kh2 Rh8+ 124. Kg1 Rg8+ 125. Kh2 Rh8+ 126. Kg1 Rg8+
127. Kf1 $11) 110... Kc5 $4 $18 {gibt den Vorteil aus der Hand} (110... Rg8 $11
$142 {haette die Niederlage vermieden}) 111. Ke3 $4 $11 {
danach wendet sich das Blatt} (111. Rd7 $18 $142 {nun kommt Weiss in Vorteil})
111... Rh7 $4 $18 {danach kann Schwarz alle Traeume begraben} (111... Rg8 $11
$142 {war relativ besser}) 112. f4 $4 $11 {vergibt den Vorteil} (112. Rd1 Re7+
113. Kf4 Rf7+ 114. Kg3 Rg7+ 115. Kf2 $11) 112... Re7+ 113. Re4 $4 $11 {
wirft den Vorteil weg} (113. Kd3 $18 $142 {mit klarem Vorteil fuer Weiss})
113... Kd6 114. Rxe7 {Mit der Mattdrohung Re5} 114... Kxe7 115. f5 Kf6 116. Kf4
Kg7 117. Kg5 {Weiss aktiviert den Koenig} 117... Kf7 118. f6 118... Ke6 $4 {
und raufte sich die Haare} (118... Kf8 $11 $142 {
war die einzige Moeglichkeit, noch zu kaempfen}) 119. Kg6 Ke5 (119... Kd6 {
hilft auch nicht mehr} 120. f7 Kd5 121. f8=Q Kc4 122. Qe8 Kd4 123. Kf5 Kd5 124.
Qb5+ Kd4 125. Kf4 Kc3 126. Ke3 Kc2 127. Qb4 Kc1 128. Kd3 Kd1 129. Qb1#) 120. f7
Kd6 (120... Kd5 {holt die Kuh nicht vom Eis} 121. f8=Q Kc4 122. Qe8 Kd4 123.
Kf5 Kd5 124. Qb5+ Kd4 125. Kf4 Kc3 126. Ke3 Kc2 127. Qb4 Kc1 128. Kd3 Kd1 129.
Qb1#) 121. f8=Q+ Kc7 (121... Kd5 {
kann das Vorangegangene nicht ungeschehen machen} 122. Qb4 Kc6 123. Qa5 Kd6
124. Kf6 Kc6 125. Ke6 Kb7 126. Kd6 Kb8 127. Kc6 Kc8 128. Qa8#) 122. Qc5+ Kb8 (
122... Kb7 {macht keinen grossen Unterschied} 123. Qb5+ Kc7 124. Kg7 Kc8 125.
Kf6 Kc7 126. Ke6 Kc8 127. Kd6 Kd8 128. Qb8#) 123. Kf5 Ka8 124. Qb5 Ka7 125. Ke5
Ka8 126. Kd6 Ka7 127. Kc7 Ka8 128. Qa6# (128. Qb7#) 1-0

[Event "ICS rated blitz match"]
[Site "204.178.125.65"]
[Date "1999.10.28"]
[Round "?"]
[White "Hossa"]
[Black "Data"]
[Result "0-1"]
[WhiteElo "2401"]
[BlackElo "2734"]
[Annotator "Hiarcs 7.32 (10s)"]
[PlyCount "121"]
[EventDate "1999.??.??"]

1. e4 c5 2. Nf3 Nc6 3. d4 cxd4 4. Nxd4 g6 5. Nc3 Bg7 6. Be3 Nf6 7. Bc4 Qa5 8.
O-O O-O 9. Nd5 $11 (9. Nb3 $5 9... Qb4 10. Bd3 $16) (9. Kh1 d6 10. f3 Qh5 11.
Nde2 a6 12. Nf4 Qe5 13. Qd2 b5 14. Nd3 Qh5 15. g4 Nxg4 16. fxg4 Bxg4 17. Bd5
Bf3+ 18. Kg1 Bxc3 19. bxc3 Qg4+ 20. Kf2 Bxe4 21. Nf4 Qh4+ 22. Ke2 Bxd5 23. Qxd5
23... Ne5 {Feigin,M-Kovchan,A/Yalta op 1996/EXP 53/0-1 (66)}) (9. h3 d6 10. Re1
(10. f4 Bd7 11. Qd2 Nxd4 12. Qxd4 Ng4 13. Qd3 Nxe3 14. Qxe3 Qb4 15. Qd3 Qxb2
16. e5 Bf5 17. Qe3 Bxc2 18. Bb3 dxe5 19. Na4 exf4 20. Qxf4 20... Qd4+ {
0-1 Cechalova,E-Cerna,O/Morava-chWJ 1991/TD 93\02 (20)}) 10... Bd7 11. Nb3 Qc7
12. Bg5 (12. Qd2 Ne5 13. Be2 Nc4 14. Bxc4 Qxc4 15. Bh6 Bxh6 16. Qxh6 b5 17.
Rad1 a5 18. e5 dxe5 19. Rxe5 Rfe8 20. Rd4 Qc7 21. Rc5 Qb7 22. Rg5 Bc6 23. Nc5
Qc8 24. Rh4 Rd8 25. N5e4 Bxe4 26. Nxe4 26... Qxc2 {
Glimbrant,T-Quist,J/Dieren op 1990/EXP 19/1-0 (38)}) 12... Ne5 13. Bf1 Bc6 14.
Qd2 Rfe8 15. a4 Rad8 16. Qe3 a6 17. Rad1 d5 18. Bxf6 exf6 19. exd5 Bd7 20. Qc5
Qxc5 21. Nxc5 Bc8 22. d6 f5 23. d7 Bxd7 24. Nxd7 {
1-0 Volkmann,F-Postl,A/AUT-chT 1996/EXP 52 (24)}) 9... Nxd5 10. exd5 Nxd4 11.
Bxd4 e5 12. dxe6 12... dxe6 {
Deckt d5. Schwarz erhaelt starke Drohungen in der geoeffneten d-Linie} 13. Bxg7
Kxg7 14. Qe2 Rd8 15. Rfd1 Bd7 16. Rd6 $15 (16. Rd4 Bc6 17. Rad1 Rxd4 18. Rxd4
18... e5 $11) 16... Bc6 17. Rd3 17... Rxd3 {
Nun geraet Weiss unter starken Druck.} 18. Bxd3 18... Qd5 {Es droht Matt} 19.
Qg4 Rd8 20. a3 $17 (20. b3 $5 $15 {ist vielleicht staerker}) 20... h5 21. Qg3
Qd4 22. Rb1 Be4 23. Qf4 Bxd3 24. Qxd4+ Rxd4 25. Rd1 Rc4 26. cxd3 Rc2 27. Rb1
Kf6 28. Kf1 Ke5 29. b4 Kd4 30. b5 Kxd3 31. Rd1+ 31... Rd2 {Droht Matt: Rxd1}
32. Rc1 32... b6 $17 (32... f6 33. g3 $19) 33. f3 $19 (33. g3 $5 $17) 33... Ra2
34. Rc7 Rxa3 35. Rxf7 35... Ke3 {Mit der Mattdrohung Ra1} 36. g3 Ra5 37. Kg1 $2
(37. Kg2 $19) 37... Rxb5 38. Rxa7 38... Kxf3 $1 {entscheidend. Droht Matt} 39.
Rf7+ 39... Rf5 {Droht Matt} 40. Ra7 e5 41. Ra3+ Ke2 42. Ra1 (42. Ra4 {
hilft allerdings auch nicht} 42... Kd3 $19) 42... e4 43. Ra2+ (43. Ra6 {
nuetzt auch nichts mehr} 43... Rf1+ 44. Kg2 44... Rb1 $19) 43... Kf3 44. Rf2+
44... Ke3 {Mit der Mattdrohung Rxf2} 45. Rb2 b5 46. Rb3+ (46. Ra2 {
aendert den traurigen Lauf der Dinge nicht} 46... Kd4 47. Ra6 e3 48. Rd6+ 48...
Ke5 $19) 46... Kd2 47. Rb2+ Kc3 48. Re2 48... Kd3 {Es droht Matt} 49. Rb2 e3
50. Rb3+ 50... Kd2 $1 {ganz unerschrocken} 51. Rb2+ 51... Kc3 {Droht Matt: Kxb2
} 52. Rg2 (52. Ra2 {sonst gehen die Lichter sofort aus} 52... b4 53. h4 $19)
52... Rd5 $1 {macht alles klar. Droht Matt: Rd1} 53. Kf1 Rd1+ 54. Ke2 Rd2+ 55.
Kxe3 Rxg2 56. Kf4 Rxh2 57. Kg5 Rg2 58. Kh4 b4 59. Kh3 Rf2 60. Kh4 b3 61. Kg5
0-1